World Capitals In Different Languages - Statistics

General Stats
  • This quiz has been taken 885 times
  • The average score is 17 of 44
Answer Stats
Hint Answer Alternate Spellings % Correct
United Kingdom (English, German) London
100%
France (English, French, Portuguese, German, Spanish) Paris París
98%
Germany (English, German, Polish, Spanish, French) Berlin Berlín
96%
Portugal (English) Lisbon
95%
Japan (English, Dutch, Italian, French, German) Tokyo
95%
China (English, Portuguese, Dutch, Spanish) Beijing
94%
Poland (English) Warsaw
94%
Denmark (English, Italian) Copenhagen
92%
Israel (English, French, German, Portuguese) Jerusalem Jérusalem
92%
Sweden (English, French, Dutch, German, Italian) Stockholm
92%
Portugal (Portuguese, Spanish) Lisboa
65%
China (Polish, French) Pekin Pékin
65%
United Kingdom (French, Spanish, Portuguese) Londres
59%
Japan (Spanish, Polish) Tokio
51%
China (German) Peking
37%
Denmark (German, Dutch) Kopenhagen
34%
Germany (Italian) Berlino
32%
Portugal (Italian) Lisbona
26%
Portugal (French) Lisbonne
26%
Portugal (German, Dutch) Lissabon
26%
United Kingdom (Italian) Londra
26%
Denmark (Portuguese, Spanish, French) Copenhague
24%
Poland (Polish) Warszawa
24%
Poland (Dutch, German) Warschau
23%
France (Italian) Parigi
21%
Poland (Spanish, Portuguese) Varsovia Varsóvia
21%
United Kingdom (Dutch) Londen
18%
Poland (French) Varsovie
18%
Sweden (Spanish, Portuguese) Estocolmo
14%
France (Dutch) Parijs
13%
Germany (Dutch) Berlijn
12%
Israel (Spanish) Jerusalén
10%
Japan (Portuguese) Tóquio
10%
Germany (Portuguese) Berlim
9%
United Kingdom (Polish) Londyn
9%
China (Italian) Pechino
9%
Poland (Italian) Varsavia
9%
Israel (Dutch) Jeruzalem
8%
France (Polish) Paryż
8%
Israel (Italian) Gerusalemme
7%
Sweden (Polish) Sztokholm
7%
Denmark (Polish) Kopenhaga
6%
Portugal (Polish) Lizbona
6%
Israel (Polish) Jerozolima
5%
No matching quizzes found
Score Distribution
Percent of People with Each Score
Percentile by Number Answered
Your Score History
You have not taken this quiz